| 000 | 00873cab a2200193 4500 | ||
|---|---|---|---|
| 001 | L136616 | ||
| 008 | 070212n2007 000 0 eng u | ||
| 035 | _a(Sirsi) u136616 | ||
| 041 | 0 | _aeng | |
| 100 | 1 | _aMcIntosh, Angus | |
| 245 | 0 | 4 |
_aThe economy in 2007 _bhow property performance will surprise us again |
| 260 | _c2007 | ||
| 490 | 0 |
_aProperty Forecast _v10(1) January 2007, 2-6(3) |
|
| 520 | _aDiscusses how an increased amount of available money for investment, and with more investors aiming to diversify away from equities and gilts, property will become an increasingly attractive asset class. Tables show growth rates for different regions within the UK, UK investment forecasts by property type and regional total returns. | ||
| 590 | _aKA | ||
| 651 | 4 |
_aUnited Kingdom _y |
|
| 690 | _aPROPERTY-COMMERCIAL PROPERTY-COMMERCIAL PROPERTY MARKET | ||
| 942 | _n0 | ||
| 999 |
_c78372 _d78372 |
||